000 00257nam a2200097Ia 4500
001 1206601
005 20250827022809.0
008 250824s9999 xx 000 0 und d
245 0 _aELİF GİBİ SEVMEK I
_cHİKMET ANIL ÖZTEKİN
260 _bDESTEK YAYINLARI
999 _c1206601
_d1206601